Alle Nachbarländer von Russland - Statistiken

Allgemein
  • Dieses Quiz wurde 66 mal gespielt
  • Das Durchschnittsergebnis liegt bei 13 aus 14
Antwortstatistiken
Antwort % Korrekt
Lettland
100%
Ukraine
100%
Belarus
98%
China
98%
Litauen
98%
Estland
97%
Mongolei
97%
Finnland
90%
Aserbaidschan
87%
Kasachstan
87%
Polen
87%
Georgien
83%
Nordkorea
82%
Norwegen
67%
Keine übereinstimmenden Quizze gefunden
Verteilung der Resultate
Anzahl Personen mit jedem Resultat
Perzentil nach korrekt beantworteten Fragen
Ihre Resultats-Entwicklung
Sie haben dieses Quiz noch nicht gespielt